[Event "Magyar Korcsoportos Bajnokság fiú16"]
[Site "Eger"]
[Date "2022.07.24"]
[Round "1.4"]
[White "Szikszai, Bertalan"]
[Black "Fule, Simon"]
[Result "1-0"]
[WhiteElo "2153"]
[BlackElo "2271"]
[PlyCount "117"]
[EventDate "2022.07.24"]
[EventType "tourn"]
[EventRounds "7"]
[EventCountry "HUN"]

1. e4 e5 2. Nf3 Nc6 3. Bc4 Nf6 4. Ng5 d5 5. exd5 Na5 6. Bb5+ c6 7. dxc6 bxc6 8.
Be2 h6 9. Nf3 e4 10. Ne5 Bc5 11. O-O Qd6 12. d4 Qxd4 13. Qxd4 Bxd4 14. Nc4 Nxc4
15. Bxc4 O-O 16. h3 Bf5 17. Re1 Rad8 18. Bb3 Nd5 19. Na3 Rfe8 20. Nc4 Bg6 21.
c3 Bc5 22. Na5 e3 23. Bxe3 Nxe3 24. Nb7 Nc2 25. Bxc2 Rxe1+ 26. Rxe1 Rd2 27.
Nxc5 Rxc2 28. Re8+ Kh7 29. Rb8 Bf5 30. Rb7 Be6 31. Nxe6 fxe6 32. Rxa7 Rxb2 33.
Ra6 c5 34. Rc6 Rxa2 35. Rxc5 Kg6 36. g3 e5 37. Rxe5 Rc2 38. Rc5 Kf6 39. Kg2 g6
40. Kf3 Ke6 41. Rc6+ Kf7 42. g4 Kg7 43. h4 Kf7 44. g5 h5 45. Ke3 Rc1 46. Rf6+
Ke7 47. Kd4 Rh1 48. Rf4 Kd6 49. Rf6+ Ke7 50. Rxg6 Rxh4+ 51. Ke5 Rc4 52. Rg7+
Kf8 53. Rh7 Rc5+ 54. Kf6 Rc6+ 55. Kf5 Rxc3 56. f4 Rh3 57. Kg6 h4 58. f5 Rh1 59.
f6 1-0

[Event "Magyar Korcsoportos Bajnokság fiú16"]
[Site "Eger"]
[Date "2022.07.25"]
[Round "2.1"]
[White "Kocsmar, Akos"]
[Black "Fule, Simon"]
[Result "1/2-1/2"]
[WhiteElo "2061"]
[BlackElo "2271"]
[PlyCount "48"]
[EventDate "2022.07.24"]
[EventType "tourn"]
[EventRounds "7"]
[EventCountry "HUN"]

1. d4 Nf6 2. c4 d6 3. Nf3 g6 4. Nc3 Bg7 5. e4 O-O 6. Be2 Nbd7 7. O-O e5 8. Be3
c6 9. d5 c5 10. Ne1 Ne8 11. g4 f5 12. exf5 gxf5 13. gxf5 Nb6 14. Kh1 Bxf5 15.
Rg1 Kh8 16. Rg5 Qd7 17. Ng2 Bf6 18. Rg3 Ng7 19. Bg5 Nc8 20. Nh4 Ne7 21. Qd2 Ng6
22. Bxf6 Rxf6 23. Qg5 Raf8 24. Rag1 R8f7 1/2-1/2

[Event "Magyar Korcsoportos Bajnokság fiú16"]
[Site "Eger"]
[Date "2022.07.25"]
[Round "2.2"]
[White "Muranyi, Peter"]
[Black "Szikszai, Bertalan"]
[Result "0-1"]
[WhiteElo "2018"]
[BlackElo "2153"]
[PlyCount "66"]
[EventDate "2022.07.24"]
[EventType "tourn"]
[EventRounds "7"]
[EventCountry "HUN"]

1. d4 Nf6 2. c4 e6 3. Nc3 d5 4. cxd5 exd5 5. Bg5 c6 6. e3 h6 7. Bh4 Be6 8. Bd3
Nbd7 9. Qc2 g5 10. Bg3 Nh5 11. Nge2 Nxg3 12. Nxg3 h5 13. O-O-O h4 14. Nf5 Qc7
15. Kb1 O-O-O 16. g4 Kb8 17. h3 Nb6 18. Rhf1 f6 19. f4 Bxf5 20. Bxf5 Nc4 21.
Qd3 Ba3 22. Rf2 Qb6 23. Na4 Qa5 24. b3 gxf4 25. Rxf4 Rhe8 26. e4 Bd6 27. Rff1
Na3+ 28. Kb2 dxe4 29. Bxe4 Nb5 30. Rf5 Qb4 31. Nc3 Nxc3 32. Qxc3 Qxc3+ 33. Kxc3
Rxe4 0-1

[Event "Magyar Korcsoportos Bajnokság fiú16"]
[Site "Eger"]
[Date "2022.07.25"]
[Round "2.3"]
[White "Tran, David"]
[Black "Pasztor, Balazs"]
[Result "1/2-1/2"]
[WhiteElo "2090"]
[BlackElo "2336"]
[PlyCount "64"]
[EventDate "2022.07.24"]
[EventType "tourn"]
[EventRounds "7"]
[EventCountry "HUN"]

1. e4 c5 2. Nf3 d6 3. Bb5+ Nd7 4. O-O a6 5. Bxd7+ Bxd7 6. b3 e5 7. Re1 Nf6 8.
c3 Qc7 9. d4 Be7 10. Nbd2 b5 11. Nf1 O-O 12. Ng3 Rfe8 13. h3 h6 14. Be3 Bf8 15.
Qd3 Rac8 16. Rac1 Qa5 17. Qb1 exd4 18. cxd4 c4 19. d5 cxb3 20. axb3 Rxc1 21.
Rxc1 Rc8 22. Bd4 Be7 23. Rxc8+ Bxc8 24. Qc2 Bd7 25. Nd2 Bd8 26. Qc3 Qxc3 27.
Bxc3 a5 28. Bd4 Kf8 29. f3 g6 30. Ne2 b4 31. Kf2 h5 32. Nc4 Ne8 1/2-1/2

[Event "Magyar Korcsoportos Bajnokság fiú16"]
[Site "Eger"]
[Date "2022.07.25"]
[Round "2.4"]
[White "Borzsei, Andras"]
[Black "Onodi, Tamas"]
[Result "1-0"]
[WhiteElo "2002"]
[BlackElo "2030"]
[PlyCount "77"]
[EventDate "2022.07.24"]
[EventType "tourn"]
[EventRounds "7"]
[EventCountry "HUN"]

1. d4 d5 2. c4 c6 3. e3 Nf6 4. Nc3 g6 5. Nf3 Bg7 6. Be2 O-O 7. Bd2 Be6 8. Ng5
Bf5 9. g4 Bc8 10. h4 h6 11. Nh3 Ne4 12. Nxe4 dxe4 13. Qc2 f5 14. Nf4 Kh7 15.
O-O-O c5 16. d5 Qb6 17. Bc3 Rf7 18. Rdg1 fxg4 19. Bxg4 Bxg4 20. Rxg4 Bxc3 21.
Qxc3 Rf6 22. Qe5 Qd6 23. Qxe4 Nd7 24. Nxg6 Rxg6 25. h5 Ne5 26. hxg6+ Kg7 27.
Rgh4 Rh8 28. f4 Nd7 29. Qf5 Nf6 30. Qh3 h5 31. Qf3 Qa6 32. Qe2 Qxa2 33. Qc2
Qa1+ 34. Kd2 Qa5+ 35. Ke2 b5 36. e4 bxc4 37. e5 Nxd5 38. Qf5 Rf8 39. Qxh5 1-0

[Event "Magyar Korcsoportos Bajnokság fiú16"]
[Site "Eger"]
[Date "2022.07.26"]
[Round "3.1"]
[White "Onodi, Tamas"]
[Black "Kocsmar, Akos"]
[Result "1/2-1/2"]
[WhiteElo "2030"]
[BlackElo "2061"]
[PlyCount "97"]
[EventDate "2022.07.24"]
[EventType "tourn"]
[EventRounds "7"]
[EventCountry "HUN"]

1. e4 c5 2. c3 d5 3. exd5 Qxd5 4. Nf3 Nc6 5. d4 Bf5 6. Be2 Bxb1 7. Rxb1 cxd4 8.
Nxd4 O-O-O 9. Bf3 Qxa2 10. Qc2 Nf6 11. O-O Ne5 12. Be3 Nxf3+ 13. Nxf3 a6 14.
Rbd1 Rxd1 15. Rxd1 e6 16. Ne5 Be7 17. Nxf7 Rf8 18. Ne5 Nd5 19. Bd4 g6 20. g3
Bf6 21. Qe2 Nc7 22. Nc4 Bxd4 23. Rxd4 b5 24. Nb6+ Kb7 25. Nd7 Rf5 26. Qe4+ Rd5
27. c4 bxc4 28. Rxc4 Qa5 29. Nc5+ Kb8 30. Qf4 Ka7 31. b4 Rd1+ 32. Kg2 Qb6 33.
Qf3 Rd6 34. Rf4 Qc6 35. Rf7 Kb6 36. Rxh7 Rd1 37. Qxc6+ Kxc6 38. Rh4 Kb5 39. Ne4
Kxb4 40. Kf3 Rd4 41. Rh8 a5 42. Ke3 Rd5 43. Rc8 Nb5 44. Nd2 a4 45. Rc4+ Ka3 46.
g4 Nd6 47. Nb1+ Kb3 48. Rxa4 Nb5 49. Nd2+ 1/2-1/2

[Event "Magyar Korcsoportos Bajnokság fiú16"]
[Site "Eger"]
[Date "2022.07.26"]
[Round "3.2"]
[White "Pasztor, Balazs"]
[Black "Borzsei, Andras"]
[Result "1-0"]
[WhiteElo "2336"]
[BlackElo "2002"]
[PlyCount "105"]
[EventDate "2022.07.24"]
[EventType "tourn"]
[EventRounds "7"]
[EventCountry "HUN"]

1. e4 c5 2. Nf3 e6 3. d4 cxd4 4. Nxd4 Nc6 5. Bf4 d6 6. Nxc6 bxc6 7. c4 Rb8 8.
Qc2 e5 9. Be3 Nf6 10. Nc3 Qc7 11. Be2 Be7 12. O-O O-O 13. Rac1 Be6 14. b3 h6
15. h3 a5 16. Rfd1 Rfd8 17. Bd2 Nd7 18. Nd5 cxd5 19. cxd5 Qxc2 20. Rxc2 Bxd5
21. exd5 Ra8 22. g3 Bg5 23. f4 Bf6 24. Be3 Kf8 25. Bb5 Rab8 26. Bc6 exf4 27.
gxf4 Rb4 28. Re1 Re4 29. Bd2 Bd4+ 30. Kg2 Rxe1 31. Bxe1 Bb6 32. Bxd7 Rxd7 33.
Rc6 Rb7 34. Rxd6 Bc5 35. Ra6 Bb4 36. Bxb4+ axb4 37. Kf3 Rc7 38. Ke4 Rc1 39. d6
Ke8 40. Kd5 g5 41. Ra8+ Kd7 42. Ra7+ Ke8 43. f5 Rd1+ 44. Ke5 h5 45. Re7+ Kd8
46. Rxf7 Re1+ 47. Kf6 g4 48. hxg4 hxg4 49. Rg7 Rg1 50. Ke6 Re1+ 51. Kf7 Re4 52.
f6 Kd7 53. Kg8+ 1-0

[Event "Magyar Korcsoportos Bajnokság fiú16"]
[Site "Eger"]
[Date "2022.07.26"]
[Round "3.3"]
[White "Szikszai, Bertalan"]
[Black "Tran, David"]
[Result "0-1"]
[WhiteElo "2153"]
[BlackElo "2090"]
[PlyCount "108"]
[EventDate "2022.07.24"]
[EventType "tourn"]
[EventRounds "7"]
[EventCountry "HUN"]

1. e4 e6 2. Qe2 c5 3. Nf3 Nc6 4. g3 d6 5. Bg2 g6 6. O-O Bg7 7. d3 Nge7 8. c3
O-O 9. Nbd2 Rb8 10. Rd1 b5 11. d4 cxd4 12. cxd4 Nxd4 13. Nxd4 Bxd4 14. Nb3 Bg7
15. Be3 Rb7 16. Rd2 a6 17. Nc5 Rc7 18. Rad1 Rc6 19. Nb3 Qc7 20. Nd4 Rc4 21. b3
Rc3 22. Nf3 Rd8 23. Bf4 Rc6 24. Nd4 Rc5 25. Nxe6 fxe6 26. Bxd6 Rxd6 27. Rxd6
Nd5 28. e5 Nc3 29. Rd8+ Bf8 30. Qf3 Qe7 31. R1d2 Nd5 32. Rd6 Qc7 33. R6xd5 exd5
34. Rxd5 Rc1+ 35. Rd1 Qc2 36. Qd5+ Kg7 37. Bf3 Bc5 38. Rxc1 Qxc1+ 39. Qd1 Qxd1+
40. Bxd1 Bh3 41. a4 bxa4 42. bxa4 a5 43. Bb3 Bd4 44. e6 Kf6 45. e7 Kxe7 46. Bg8
h6 47. Bc4 Kd6 48. Bf7 g5 49. Bb3 Kc5 50. Bd1 Kb4 51. g4 Kc3 52. Be2 Kd2 53.
Bf3 Ke1 54. Kh1 Kxf2 0-1

[Event "Magyar Korcsoportos Bajnokság fiú16"]
[Site "Eger"]
[Date "2022.07.26"]
[Round "3.4"]
[White "Fule, Simon"]
[Black "Muranyi, Peter"]
[Result "1-0"]
[WhiteElo "2271"]
[BlackElo "2018"]
[PlyCount "149"]
[EventDate "2022.07.24"]
[EventType "tourn"]
[EventRounds "7"]
[EventCountry "HUN"]

1. e4 Nf6 2. e5 Nd5 3. d4 Nb6 4. f4 d6 5. Nf3 dxe5 6. fxe5 Bg4 7. Be3 e6 8. Be2
Be7 9. O-O O-O 10. Nbd2 Nd5 11. Bf2 Nc6 12. c3 Nf4 13. Bb5 Nb8 14. Bg3 Nd5 15.
Qe2 c5 16. Bf2 a6 17. Ba4 cxd4 18. Bxd4 b5 19. Bc2 Nc6 20. Nb3 Nxd4 21. Nbxd4
Bc5 22. Rad1 Qe7 23. Kh1 Bh5 24. Be4 Bxd4 25. Rxd4 Rad8 26. Rfd1 Nf4 27. Bxh7+
Kxh7 28. Rxf4 Rxd1+ 29. Qxd1 Rd8 30. Rd4 Rxd4 31. Qxd4 Bxf3 32. Qd3+ Kg8 33.
Qxf3 Qg5 34. Qa8+ Kh7 35. Qe4+ g6 36. Qe1 f6 37. exf6 Qxf6 38. h3 e5 39. Qe3
Qe6 40. b3 e4 41. Kg1 a5 42. Qa7+ Kh6 43. Qe3+ Kh7 44. Kf1 a4 45. bxa4 Qxa2 46.
axb5 Qb1+ 47. Kf2 Qxb5 48. g4 Qe5 49. c4 Qb2+ 50. Kg3 Qe5+ 51. Kg2 Qb2+ 52. Qf2
Qc3 53. Qf7+ Kh6 54. Qf4+ g5 55. Qf8+ Kg6 56. Qe8+ Kg7 57. Qe7+ Kh6 58. Qxe4
Qd2+ 59. Kg1 Qd1+ 60. Kf2 Qd2+ 61. Qe2 Qf4+ 62. Kg2 Qc1 63. Qd3 Qb2+ 64. Kf3
Qe5 65. Qe3 Qc7 66. c5 Qc6+ 67. Kf2 Qd5 68. h4 Qf7+ 69. Kg3 Qc7+ 70. Kh3 Qc6
71. Qxg5+ Kh7 72. Qe3 Qd5 73. Kg3 Qh1 74. h5 Qd5 75. g5 1-0

[Event "Magyar Korcsoportos Bajnokság fiú16"]
[Site "Eger"]
[Date "2022.07.27"]
[Round "4.1"]
[White "Kocsmar, Akos"]
[Black "Muranyi, Peter"]
[Result "1-0"]
[WhiteElo "2061"]
[BlackElo "2018"]
[PlyCount "79"]
[EventDate "2022.07.24"]
[EventType "tourn"]
[EventRounds "7"]
[EventCountry "HUN"]

1. d4 b6 2. c4 e6 3. Nc3 Bb7 4. e4 Bb4 5. f3 f5 6. e5 Nc6 7. Be3 Qe7 8. Qd2 d6
9. exd6 Qxd6 10. O-O-O O-O-O 11. Nge2 Na5 12. Qd3 Ba6 13. Nb5 Qd7 14. b3 c6 15.
Nbc3 Nf6 16. Qc2 Kb8 17. Nf4 g5 18. Nd3 Ba3+ 19. Kb1 f4 20. Ne5 Qc7 21. Bf2 Bd6
22. c5 bxc5 23. dxc5 Bxe5 24. Bxa6 Nb7 25. b4 Nd5 26. Nxd5 exd5 27. Qa4 d4 28.
Rd3 Rd7 29. Rc1 Rd5 30. Ra3 Nd8 31. b5 cxb5 32. Qxb5+ Ka8 33. Rb3 Rf8 34. Be1
Rf6 35. Ba5 Qd7 36. Qc4 d3 37. Bxd8 d2 38. Bb7+ Qxb7 39. Rxb7 dxc1=Q+ 40. Kxc1
1-0

[Event "Magyar Korcsoportos Bajnokság fiú16"]
[Site "Eger"]
[Date "2022.07.27"]
[Round "4.2"]
[White "Tran, David"]
[Black "Fule, Simon"]
[Result "1/2-1/2"]
[WhiteElo "2090"]
[BlackElo "2271"]
[PlyCount "28"]
[EventDate "2022.07.24"]
[EventType "tourn"]
[EventRounds "7"]
[EventCountry "HUN"]

1. e4 e5 2. Nf3 Nc6 3. Bb5 a6 4. Ba4 d6 5. c3 f5 6. exf5 Bxf5 7. O-O Bd3 8. Re1
Be7 9. Qb3 Rb8 10. c4 b5 11. Qxd3 bxa4 12. Qc2 Nb4 13. Qxa4+ Qd7 14. Qb3 c5
1/2-1/2

[Event "Magyar Korcsoportos Bajnokság fiú16"]
[Site "Eger"]
[Date "2022.07.27"]
[Round "4.3"]
[White "Borzsei, Andras"]
[Black "Szikszai, Bertalan"]
[Result "0-1"]
[WhiteElo "2002"]
[BlackElo "2153"]
[PlyCount "136"]
[EventDate "2022.07.24"]
[EventType "tourn"]
[EventRounds "7"]
[EventCountry "HUN"]

1. d4 Nf6 2. c4 g6 3. Nc3 d5 4. cxd5 Nxd5 5. Bd2 Nb6 6. Bg5 Bg7 7. e3 c5 8.
dxc5 Bxc3+ 9. bxc3 Qxd1+ 10. Rxd1 N6d7 11. Bb5 f6 12. Bh4 a6 13. Ba4 Kf8 14.
Ne2 Nxc5 15. Bc2 Be6 16. Ra1 Bc4 17. Kd2 Kf7 18. e4 e5 19. Nc1 Nc6 20. Nb3 Ne6
21. Bg3 h5 22. h4 Rhd8+ 23. Ke3 Rac8 24. Rhd1 Rxd1 25. Rxd1 Ke7 26. Nd2 Na5 27.
Bd3 b5 28. f3 Bxd3 29. Kxd3 Nc5+ 30. Kc2 Na4 31. Nb1 Nc4 32. Bf2 Na3+ 33. Nxa3
Rxc3+ 34. Kb1 Rxa3 35. Be1 Rc3 36. Rd5 Rc4 37. Rd3 b4 38. a3 bxa3 39. Ka2 Nc5
40. Rd2 Rd4 41. Rc2 Nd3 42. Bc3 Rc4 43. Kb3 Rc6 44. Kxa3 Ke6 45. Kb3 Nc5+ 46.
Kb4 Nb7 47. Ra2 Nd6 48. Be1 f5 49. exf5+ gxf5 50. Re2 e4 51. Bg3 Rc4+ 52. Ka5
Nb5 53. Kxa6 Nc3 54. Re3 Nd5 55. Re1 e3 56. Re2 f4 57. Be1 Ke5 58. Kb5 Rc1 59.
g3 Nc3+ 60. Bxc3+ Rxc3 61. Kb4 Rc8 62. Rg2 fxg3 63. Rxg3 Kf4 64. Rg7 Re8 65.
Rg1 e2 66. Re1 Kxf3 67. Kc3 Kf2 68. Kd2 Rd8+ 0-1

[Event "Magyar Korcsoportos Bajnokság fiú16"]
[Site "Eger"]
[Date "2022.07.27"]
[Round "4.4"]
[White "Onodi, Tamas"]
[Black "Pasztor, Balazs"]
[Result "0-1"]
[WhiteElo "2030"]
[BlackElo "2336"]
[PlyCount "76"]
[EventDate "2022.07.24"]
[EventType "tourn"]
[EventRounds "7"]
[EventCountry "HUN"]

1. e4 c5 2. c3 Nf6 3. e5 Nd5 4. d4 cxd4 5. Nf3 d6 6. Bc4 e6 7. Bxd5 exd5 8.
exd6 Bxd6 9. Nxd4 O-O 10. O-O Nc6 11. Be3 Qh4 12. Nf3 Qh5 13. Nbd2 Re8 14. Re1
Bd7 15. h3 Rad8 16. Nd4 Qg6 17. Qc2 Qf6 18. N2f3 h6 19. Qb3 Bc8 20. Kf1 Bc7 21.
Rad1 Na5 22. Qc2 Nc4 23. Rd3 Ne5 24. Nxe5 Qxe5 25. Nf3 Qh5 26. Qd1 b6 27. Nd4
Qg6 28. Rd2 Bh2 29. Qf3 Re4 30. Red1 Rde8 31. Ne2 Bc7 32. Nd4 Bh2 33. Ne2 Bc7
34. Nd4 f5 35. Ne2 Ba6 36. Re1 f4 37. Bd4 Rxe2 38. Rexe2 Qb1+ 0-1

[Event "Magyar Korcsoportos Bajnokság fiú16"]
[Site "Eger"]
[Date "2022.07.29"]
[Round "5.1"]
[White "Pasztor, Balazs"]
[Black "Kocsmar, Akos"]
[Result "1-0"]
[WhiteElo "2336"]
[BlackElo "2061"]
[PlyCount "117"]
[EventDate "2022.07.24"]
[EventType "tourn"]
[EventRounds "7"]
[EventCountry "HUN"]

1. e4 c6 2. d4 d5 3. e5 c5 4. Nf3 cxd4 5. Nxd4 Nc6 6. Nxc6 bxc6 7. Bd3 Qc7 8.
Qe2 e6 9. Nd2 Bc5 10. O-O Ne7 11. Nf3 Bb7 12. Bd2 a5 13. c4 dxc4 14. Bxc4 Nd5
15. Rac1 Qb6 16. Rc2 Rd8 17. a3 h6 18. Rfc1 Be7 19. Qe1 Ra8 20. Bxd5 cxd5 21.
Be3 Qa6 22. b4 Bd8 23. Bc5 Rc8 24. Qe3 g5 25. Nd4 axb4 26. axb4 Kd7 27. Qf3 Rh7
28. b5 Qa4 29. Qd3 Rh8 30. h3 h5 31. g3 g4 32. h4 Bc7 33. Qe3 Bd8 34. Qf4 Rh7
35. Kh2 Ba8 36. Rc3 Rxc5 37. Rxc5 Bb6 38. Qd2 Bxc5 39. Rxc5 Qa7 40. Qb4 Qb6 41.
Nc6 Ke8 42. Nd4 Bb7 43. Rc2 f6 44. exf6 Rf7 45. Re2 Rxf6 46. Qd2 Kd7 47. Kg1
Qc5 48. Qe3 Qb6 49. Qe5 Rg6 50. Kh2 Rg8 51. Nxe6 Qd6 52. Qd4 Re8 53. Nf4 Rxe2
54. Nxe2 Qe7 55. Nf4 Qe1 56. Nxh5 Qf1 57. Nf6+ Kd6 58. Qb6+ Ke5 59. Nxg4+ 1-0

[Event "Magyar Korcsoportos Bajnokság fiú16"]
[Site "Eger"]
[Date "2022.07.29"]
[Round "5.2"]
[White "Szikszai, Bertalan"]
[Black "Onodi, Tamas"]
[Result "1/2-1/2"]
[WhiteElo "2153"]
[BlackElo "2030"]
[PlyCount "152"]
[EventDate "2022.07.24"]
[EventType "tourn"]
[EventRounds "7"]
[EventCountry "HUN"]

1. e4 c5 2. Nf3 Nf6 3. e5 Nd5 4. Nc3 e6 5. Ne4 f5 6. Nc3 Nxc3 7. dxc3 Be7 8. h4
Nc6 9. Bf4 b6 10. Bd3 Bb7 11. Qe2 Qc7 12. O-O-O O-O-O 13. Rh3 Kb8 14. Ng5 Rdf8
15. Rg3 h6 16. Nf3 Rhg8 17. h5 Bd8 18. Bb5 Bc8 19. Bc4 Na5 20. Ba6 Nc6 21. Bxc8
Kxc8 22. Qa6+ Kb8 23. Qd3 Rf7 24. a3 Re8 25. c4 Kc8 26. Qe3 Na5 27. Qe2 Qc6 28.
b3 Qe4 29. Qd2 Qb7 30. Kb2 a6 31. a4 b5 32. axb5 axb5 33. cxb5 Qxb5 34. Qc3 Bc7
35. Ra1 Nc6 36. Ra8+ Bb8 37. Nd2 Kb7 38. Rxb8+ Kxb8 39. Nc4 Qb4 40. Qxb4+ cxb4
41. Nd6 Ree7 42. Nxf7 Rxf7 43. c3 bxc3+ 44. Kxc3 Kc7 45. Kc4 Kb6 46. b4 Ne7 47.
Be3+ Kb7 48. Bc5 f4 49. Ra3 Nc8 50. Rd3 Kc7 51. Kd4 Kc6 52. Ke4 Rf5 53. Rc3 d5+
54. Kd4 Kb7 55. Bd6 Na7 56. Rc7+ Kb6 57. Rxg7 Nc6+ 58. Kd3 Rxh5 59. Bc5+ Ka6
60. Rc7 Nxe5+ 61. Kd4 f3 62. Ra7+ Kb5 63. Ra5+ Kc6 64. Ra6+ Kb7 65. Rb6+ Kc8
66. gxf3 Nxf3+ 67. Ke3 Ng5 68. f4 Rh3+ 69. Ke2 Rh2+ 70. Ke3 Rh3+ 71. Ke2 Rh2+
72. Kd1 Ne4 73. Rxe6 Nxc5 74. bxc5 Rf2 75. Rxh6 Rxf4 76. Rd6 Kc7 1/2-1/2

[Event "Magyar Korcsoportos Bajnokság fiú16"]
[Site "Eger"]
[Date "2022.07.29"]
[Round "5.3"]
[White "Fule, Simon"]
[Black "Borzsei, Andras"]
[Result "1-0"]
[WhiteElo "2271"]
[BlackElo "2002"]
[PlyCount "59"]
[EventDate "2022.07.24"]
[EventType "tourn"]
[EventRounds "7"]
[EventCountry "HUN"]

1. e4 c5 2. Nf3 e6 3. d4 cxd4 4. Nxd4 Nc6 5. Nc3 Qc7 6. Be3 a6 7. a3 b5 8. Nxc6
Qxc6 9. Be2 Bb7 10. O-O Rc8 11. Qd3 Nf6 12. Rfd1 Qc7 13. Bf3 h5 14. h3 Be7 15.
e5 Bxf3 16. exf6 gxf6 17. gxf3 d5 18. Kh1 Qb8 19. Ne2 Rc4 20. Nd4 Qc8 21. c3 a5
22. Rg1 Qd7 23. Rad1 Bd6 24. b3 Rc5 25. Nf5 Rc7 26. Nxd6+ Qxd6 27. Qxb5+ Ke7
28. b4 Qe5 29. Bc5+ Kd8 30. Qb8+ 1-0

[Event "Magyar Korcsoportos Bajnokság fiú16"]
[Site "Eger"]
[Date "2022.07.29"]
[Round "5.4"]
[White "Muranyi, Peter"]
[Black "Tran, David"]
[Result "1-0"]
[WhiteElo "2018"]
[BlackElo "2090"]
[PlyCount "51"]
[EventDate "2022.07.24"]
[EventType "tourn"]
[EventRounds "7"]
[EventCountry "HUN"]

1. d4 Nf6 2. c4 g6 3. Nc3 Bg7 4. e4 d6 5. f4 c5 6. d5 e6 7. Nf3 exd5 8. cxd5
O-O 9. Be2 Re8 10. e5 dxe5 11. fxe5 Ng4 12. Bg5 Qa5 13. O-O Nxe5 14. Nxe5 Bxe5
15. Bb5 Bd7 16. Bxd7 Nxd7 17. Qf3 Bd4+ 18. Kh1 Ne5 19. Qh3 f5 20. d6 c4 21. Bf6
Nc6 22. Bxd4 Nxd4 23. Rad1 Nc6 24. Qh4 Ne5 25. d7 Re6 26. d8=Q+ 1-0

[Event "Magyar Korcsoportos Bajnokság fiú16"]
[Site "Eger"]
[Date "2022.07.30"]
[Round "6.1"]
[White "Kocsmar, Akos"]
[Black "Tran, David"]
[Result "0-1"]
[WhiteElo "2061"]
[BlackElo "2090"]
[PlyCount "36"]
[EventDate "2022.07.24"]
[EventType "tourn"]
[EventRounds "7"]
[EventCountry "HUN"]

1. d4 Nf6 2. c4 g6 3. Nc3 Bg7 4. e4 d6 5. h3 O-O 6. Be3 e5 7. d5 a5 8. g4 Na6
9. Nge2 Nd7 10. Ng3 Ndc5 11. h4 f5 12. gxf5 gxf5 13. exf5 Bxf5 14. h5 Qf6 15.
Qd2 h6 16. Nxf5 Qxf5 17. O-O-O Nb4 18. Be2 Nxa2+ 0-1

[Event "Magyar Korcsoportos Bajnokság fiú16"]
[Site "Eger"]
[Date "2022.07.30"]
[Round "6.2"]
[White "Borzsei, Andras"]
[Black "Muranyi, Peter"]
[Result "0-1"]
[WhiteElo "2002"]
[BlackElo "2018"]
[PlyCount "66"]
[EventDate "2022.07.24"]
[EventType "tourn"]
[EventRounds "7"]
[EventCountry "HUN"]

1. d4 b6 2. c4 e6 3. a3 Bb7 4. Nc3 f5 5. Nf3 Nf6 6. d5 Bd6 7. g3 Na6 8. b4 c6
9. dxe6 dxe6 10. Qb3 Qe7 11. Bg2 O-O 12. O-O c5 13. b5 Nc7 14. a4 e5 15. a5 Ne6
16. a6 Bxf3 17. Bxf3 e4 18. Bg2 Nd4 19. Qd1 Be5 20. Ra3 Rad8 21. Qa4 Qd6 22.
Kh1 h6 23. f4 exf3 24. Bxf3 Bxg3 25. hxg3 Qxg3 26. Nd5 Qh4+ 27. Kg2 Ne4 28.
Bxe4 fxe4 29. Bf4 Nxe2 30. Rh3 Qg4+ 31. Kh2 Nxf4 32. Ne7+ Kh7 33. Rg3 Rd2+ 0-1

[Event "Magyar Korcsoportos Bajnokság fiú16"]
[Site "Eger"]
[Date "2022.07.30"]
[Round "6.4"]
[White "Pasztor, Balazs"]
[Black "Szikszai, Bertalan"]
[Result "1/2-1/2"]
[WhiteElo "2336"]
[BlackElo "2153"]
[PlyCount "35"]
[EventDate "2022.07.24"]
[EventType "tourn"]
[EventRounds "7"]
[EventCountry "HUN"]

1. e4 c5 2. Nc3 Nc6 3. Nf3 e6 4. d4 cxd4 5. Nxd4 Nf6 6. a3 e5 7. Ndb5 d6 8. Nd5
Nxd5 9. exd5 Ne7 10. c4 Nf5 11. Bd3 a6 12. Qa4 Ke7 13. c5 dxc5 14. Bxf5 Bxf5
15. d6+ Kd7 16. Nc7+ b5 17. Qb3 Bxd6 18. Nxa6 1/2-1/2

[Event "Magyar Korcsoportos Bajnokság fiú16"]
[Site "Eger"]
[Date "2022.07.28"]
[Round "7.3"]
[White "Muranyi, Peter"]
[Black "Onodi, Tamas"]
[Result "1-0"]
[WhiteElo "2018"]
[BlackElo "2030"]
[PlyCount "93"]
[EventDate "2022.07.24"]
[EventType "tourn"]
[EventRounds "7"]
[EventCountry "HUN"]

1. d4 d5 2. c4 c6 3. cxd5 cxd5 4. Bf4 Nc6 5. Nc3 Nf6 6. e3 Bf5 7. Qb3 Na5 8.
Qa4+ Bd7 9. Qc2 e6 10. Bd3 Be7 11. h3 h6 12. Nf3 O-O 13. O-O Qb6 14. Ne5 Rfc8
15. Qe2 Be8 16. h4 h5 17. Bg5 g6 18. g4 Qd8 19. f4 hxg4 20. Nxg4 Nh5 21. Bxe7
Qxe7 22. Qf2 Nc4 23. Ne5 Nd6 24. Kh2 Qf6 25. Rg1 Kf8 26. Rg5 b5 27. a3 a5 28.
Rag1 b4 29. axb4 axb4 30. Ne2 Ra2 31. Nc1 Ra1 32. Nb3 Rxg1 33. Qxg1 Nc4 34. Nc5
Nxe5 35. fxe5 Qe7 36. Qf2 Kg7 37. Be2 f6 38. Rg2 Kf7 39. Bxh5 gxh5 40. Qf3 Kf8
41. Qf4 Bf7 42. exf6 Qc7 43. Kg3 Qxf4+ 44. Kxf4 Rc6 45. Ke5 Be8 46. Nxe6+ Kf7
47. Rg7# 1-0

[Event "Magyar Korcsoportos Bajnokság fiú16"]
[Site "Eger"]
[Date "2022.07.31"]
[Round "7.4"]
[White "Tran, David"]
[Black "Borzsei, Andras"]
[Result "1-0"]
[WhiteElo "2090"]
[BlackElo "2002"]
[PlyCount "63"]
[EventDate "2022.07.24"]
[EventType "tourn"]
[EventRounds "7"]
[EventCountry "HUN"]

1. e4 c5 2. Nc3 e6 3. g3 a6 4. Bg2 Nc6 5. d3 b5 6. f4 Bb7 7. Be3 Qc7 8. Nf3 d6
9. O-O Nf6 10. h3 Nd7 11. g4 h6 12. Qd2 Be7 13. Qf2 O-O-O 14. a3 g5 15. fxg5 h5
16. gxh5 Rxh5 17. Ne2 Rg8 18. Nf4 Rh7 19. g6 Rhg7 20. gxf7 Rxf7 21. Nxe6 Qb8
22. Qd2 Rf6 23. Nfg5 Rfg6 24. Rf5 Nd8 25. Nxd8 Bxd8 26. h4 Nf6 27. Bh3 Kc7 28.
Rxc5+ Bc6 29. Be6 Nxe4 30. dxe4 Rxe6 31. Rxc6+ Kxc6 32. Qd5+ 1-0

[Event "Magyar Korcsoportos Bajnokság fiú18"]
[Site "Eger"]
[Date "2022.07.24"]
[Round "1.1"]
[White "Forgacs, Attila Jr"]
[Black "Virag, Balint"]
[Result "1-0"]
[WhiteElo "2215"]
[BlackElo "2164"]
[PlyCount "131"]
[EventDate "2022.07.24"]
[EventType "tourn"]
[EventRounds "7"]
[EventCountry "HUN"]

1. e4 e5 2. Nf3 Nc6 3. Bb5 a6 4. Ba4 Nf6 5. O-O Nxe4 6. d4 b5 7. Bb3 d5 8. dxe5
Be6 9. c3 Bc5 10. Qd3 O-O 11. Be3 f6 12. exf6 Qxf6 13. Nbd2 Bxe3 14. Qxe3 Nxd2
15. Qxd2 Rad8 16. Nd4 Bf7 17. Nxc6 Qxc6 18. Rfe1 Qd6 19. Qg5 h6 20. Qe7 Rfe8
21. Qxd6 Rxd6 22. Rxe8+ Bxe8 23. f3 Kf8 24. Rd1 Bf7 25. Kf2 Ke7 26. Rd2 c5 27.
f4 d4 28. Bxf7 Kxf7 29. cxd4 cxd4 30. Kf3 Rc6 31. Ke4 Ke6 32. Kxd4 Rc4+ 33. Ke3
Rc1 34. b3 Re1+ 35. Kf3 Rf1+ 36. Rf2 Rc1 37. g4 g6 38. Re2+ Kf7 39. Ke4 Rg1 40.
Kf3 Rf1+ 41. Rf2 Rc1 42. Ke4 h5 43. gxh5 gxh5 44. Rd2 Ke6 45. f5+ Ke7 46. Kf4
Rg1 47. Re2+ Kf7 48. Rc2 a5 49. Rc7+ Kf6 50. Rc6+ Kf7 51. Rb6 Rg2 52. Rxb5 Rxa2
53. Kg5 Rg2+ 54. Kxh5 Rxh2+ 55. Kg5 Rg2+ 56. Kf4 Ra2 57. Ke5 a4 58. Rb7+ Ke8
59. bxa4 Rxa4 60. Kf6 Ra1 61. Rb8+ Kd7 62. Kf7 Rg1 63. f6 Rg2 64. Rb1 Rd2 65.
Rg1 Rd3 66. Kg8 1-0

[Event "Magyar Korcsoportos Bajnokság fiú18"]
[Site "Eger"]
[Date "2022.07.24"]
[Round "1.2"]
[White "Karacsonyi, Gellert"]
[Black "Reviczki, Roland"]
[Result "1-0"]
[WhiteElo "2338"]
[BlackElo "2160"]
[PlyCount "63"]
[EventDate "2022.07.24"]
[EventType "tourn"]
[EventRounds "7"]
[EventCountry "HUN"]

1. e4 c5 2. Nf3 Nc6 3. d4 cxd4 4. Nxd4 Nf6 5. Nc3 e5 6. Ndb5 d6 7. Bg5 a6 8.
Na3 b5 9. Bxf6 gxf6 10. Nd5 f5 11. Bd3 Be6 12. O-O Bg7 13. Qh5 Rc8 14. c4 Ne7
15. Nxe7 Qxe7 16. exf5 bxc4 17. Be2 Bd5 18. Rac1 O-O 19. Nxc4 Bb7 20. Rc3 e4
21. Rg3 Kh8 22. Rh3 h6 23. Ne3 d5 24. Rd1 Rfd8 25. Ng4 Rd6 26. f6 Rxf6 27. Nxf6
Qxf6 28. Rc3 Rxc3 29. bxc3 Qxc3 30. Qxf7 Qb2 31. Bg4 Bc6 32. Be6 1-0